Sociologie du travail (notice n° 2185999)

détails MARC
000 -LEADER
fixed length control field 01237cam a2200133 4500500
005 - DATE AND TIME OF LATEST TRANSACTION
control field 20260405064157.0
041 ## - LANGUAGE CODE
Language code of text/sound track or separate title fre
042 ## - AUTHENTICATION CODE
Authentication code dc
100 10 - MAIN ENTRY--PERSONAL NAME
Personal name Stroobants, Marcelle
Relator term author
245 00 - TITLE STATEMENT
Title Sociologie du travail
260 ## - PUBLICATION, DISTRIBUTION, ETC.
Name of publisher, distributor, etc. Armand Colin,<br/>
Date of publication, distribution, etc. 2025.<br/>
520 ## - SUMMARY, ETC.
Summary, etc. Cet ouvrage met en perspective les épisodes caractéristiques de la mise au travail depuis la révolution industrielle jusqu’aux formes contemporaines de flexibilité. Par la voie des techniques et des organisations, les objectifs de fluidité d’abord associés à l’automatisation industrielle ont pu se généraliser tandis que la logique marchande s’est étendue en même temps. Cette quatrième édition prend acte de la multiplicité et de l’hybridation des formes de production, de la diversification de genre et de la singularité des relations qui se nouent autour du travail. Elle remet l’accent sur la pertinence du salariat pour éprouver les ressorts de l’activité et les métamorphoses des temporalités. La nouvelle conclusion révèle des prolongements inattendus des débats classiques entre sociologues du travail.
856 41 - ELECTRONIC LOCATION AND ACCESS
Uniform Resource Identifier <a href="https://shs.cairn.info/sociologie-du-travail--9782200642099?lang=fr&redirect-ssocas=7080">https://shs.cairn.info/sociologie-du-travail--9782200642099?lang=fr&redirect-ssocas=7080</a>

Pas d'exemplaire disponible.

PLUDOC

PLUDOC est la plateforme unique et centralisée de gestion des bibliothèques physiques et numériques de Guinée administré par le CEDUST. Elle est la plus grande base de données de ressources documentaires pour les Étudiants, Enseignants chercheurs et Chercheurs de Guinée.

Adresse

627 919 101/664 919 101

25 boulevard du commerce
Kaloum, Conakry, Guinée

Réseaux sociaux

Powered by Netsen Group @ 2025